000
00257nam a2200109Ia 4500
008
190914s9999||||xx |||||||||||||| ||und||
100
_a
Joseph Wolfe
245
4
_a
The Global Business Game
260
_a
New Jersey
_b
Willey
_c
1976
300
_a
526
942
_c
BK
999
_c
9520
_d
9520